000 01087nab a22002537a 4500
999 _c5721
_d5721
003 OSt
005 20251231171858.0
008 190605e xxu||||| |||| 00| 0 spa d
040 _cPJ
100 _96644
_aLeón, Gabriela R.
245 1 3 _aLas futbolistas :
_banálisis crítico del marco legal sobre embarazo y maternidad /
_cGabriela R. León.
260 _aCiudad Autónoma de Buenos Aires :
_bThomson Reuters La Ley,
_c2023.
300 _ap. 18
500 _aCita: TR LALEY AR/DOC/938/2023.
505 _a Sumario: I. Introducción a la temática.— II. Marco legal: análisis crítico.— III. Palabras finales.
505 _t¿Te interesa el texto completo? Solicitalo al correo: koha@justierradelfuego.gov.ar
650 0 _91316
_aDERECHO LABORAL
650 0 _93725
_aDEPORTES
650 0 _94897
_aEMBARAZO
650 0 _94973
_aPROTECCION DE LA MATERNIDAD
650 0 _94600
_aLICENCIA POR MATERNIDAD
773 0 _02711
_93168
_dCiudad Autónoma de Buenos Aires : Thomson Reuters La Ley, 1999-2002.
_tRevista de derecho del trabajo. Nº 3 - Mayo 2023
942 _2udc
_cANA